|
|
|
|
| LEADER |
00000cam a2200000 a 4500 |
| 001 |
vtls008352544 |
| 003 |
SK-MaSNL |
| 005 |
20260301222857.0 |
| 008 |
230403s1969 xo a e 000 f slo |
| 015 |
|
|
|a SNBA1969/11-02423
|
| 035 |
|
|
|a SK01SNK19690044761
|
| 035 |
|
|
|a urn:nbn:sk:snk-amkxhe
|
| 035 |
|
|
|a urn:nbn:sk:snk-am00821c
|
| 035 |
|
|
|a 182C200F-52CD-4047-A412-F290465CFD32
|
| 035 |
|
|
|a SKM000047224
|
| 040 |
|
|
|a SNK
|b slo
|c SNK
|e AACR2
|
| 041 |
1 |
|
|a slo
|h eng
|
| 044 |
|
|
|a xo
|c SK
|
| 080 |
|
|
|a 820-3
|2 1981
|
| 100 |
1 |
|
|a Wallace, Edgar,
|d 1875-1932
|4 aut
|9 122910
|
| 240 |
1 |
0 |
|a The Joker
|l Slovensky
|
| 245 |
1 |
0 |
|a Joker
|c Edgar Wallace ; z anglického originálu preložil Michal Breznický
|
| 250 |
|
|
|a [1.] vyd.
|
| 260 |
|
|
|a Bratislava
|b Smena
|c 1969
|
| 300 |
|
|
|a 47 s.
|b ilustr.
|c 4°
|
| 490 |
1 |
|
|a Dobrodružné romány
|v č. 161
|
| 655 |
|
7 |
|a detektívne romány
|2 SNKPH
|9 70455
|
| 655 |
|
7 |
|a anglické romány
|2 SNKPH
|9 70428
|
| 700 |
1 |
|
|a Breznický, Michal,
|d 1923-
|4 trl
|9 36916
|
| 830 |
|
0 |
|a Dobrodružné romány
|9 276927
|
| 852 |
|
|
|a Slovenská národná knižnica
|
| 954 |
|
|
|a beletria cudzojazyčná (svetová)
|2 lita
|
| 958 |
|
|
|a EUIPO
|
| 958 |
|
|
|a OND
|
| 958 |
|
|
|a LX
|
| 958 |
|
|
|a UP
|
| 968 |
|
|
|b ENG
|
| 999 |
|
|
|c 941439
|d 943369
|
| 952 |
|
|
|a SNK
|b SNK
|y PREZ
|7 0
|p 17A0840817
|o snkSB 15554
|i snkKSP 234/70
|0 0
|1 0
|4 0
|d 2014-12-29
|f 1
|l 0
|r 2025-03-17 00:00:00
|w 2026-02-24
|
| 952 |
|
|
|a SNK
|b SNK
|y VYP
|7 0
|o snkSB 15554 D1
|i snkKSP 235/70
|0 0
|1 0
|4 0
|d 2014-12-29
|l 0
|r 2026-02-24 09:19:10
|w 2026-02-24
|